[Event "Offenes Qualifikationsturnier"]
[Site "Berlin"]
[Date "2012.04.11"]
[Round "6.3"]
[White "Herrmann, Eberhard"]
[Black "Haseloff, Harald"]
[Result "0-1"]
[WhiteElo "1855"]
[BlackElo "2145"]
[PlyCount "116"]
[EventDate "2012.??.??"]
[WhiteTeam "SC Friesen Lichtenberg"]
[BlackTeam "SG Lasker Steglitz-Wilmersdorf"]

1. e4 e5 2. Nf3 Nc6 3. Bc4 Nf6 4. Nc3 Nxe4 5. Nxe4 d5 6. Bd3 dxe4 7. Bxe4 Bd7
8. d4 exd4 9. Nxd4 Nxd4 10. Qxd4 c6 11. O-O Be6 12. Qc3 Qc7 13. Be3 Bd6 14. g3
O-O 15. a3 f5 16. Bg2 f4 17. Bd2 Be5 18. Qd3 Rad8 19. Qe2 f3 20. Bxf3 Rxf3 21.
Qxf3 Rxd2 22. Qe3 Qd6 23. Rfe1 Bxb2 24. Rab1 Rxc2 25. Qxe6+ Qxe6 26. Rxe6 b5
27. Re7 Bxa3 28. Rxa7 Bc5 29. Ra8+ Kf7 30. Rf1 Bd4 31. Kg2 b4 32. Kf3 b3 33.
Ke4 c5 34. Rb8 b2 35. Rb1 Rxf2 36. h4 Re2+ 37. Kd5 Rg2 38. h5 Kf6 39. Rb7 Kg5
40. h6 Kxh6 41. Rh1+ Kg6 42. Rb6+ Kg5 43. Rb3 h6 44. Ke4 Re2+ 45. Kf3 Re7 46.
Rh4 Rd7 47. Rb5 Kg6 48. Rg4+ Kh7 49. Ke2 Ra7 50. Re4 Ra1 51. Rxd4 cxd4 52. Rxb2
Ra6 53. Rb4 Rd6 54. Rb3 Kg6 55. Rb5 Kf6 56. Kd3 g5 57. g4 Kg6 58. Rb4 h5 0-1

[Event "Offenes Qualifikationsturnier"]
[Site "Berlin"]
[Date "2012.04.11"]
[Round "6.4"]
[White "Welz, Peter"]
[Black "Fartmann, Oliver"]
[Result "1-0"]
[WhiteElo "2147"]
[BlackElo "1903"]
[PlyCount "95"]
[EventDate "2012.??.??"]
[WhiteTeam "SV Empor Berlin"]
[BlackTeam "SG Grün-Weiß Baumschulenweg"]

1. e4 c5 2. Nc3 d6 3. g3 g6 4. Bg2 Bg7 5. d3 Nc6 6. Be3 e6 7. Qd2 Nd4 8. Nd1
Ne7 9. c3 Ndc6 10. Ne2 O-O 11. f4 b6 12. O-O Rb8 13. Kh1 f5 14. Bg1 Qc7 15. Ne3
Bb7 16. h3 Kh8 17. g4 Na5 18. Ng3 Ba8 19. Rae1 b5 20. Re2 Bh6 21. g5 Bg7 22. h4
c4 23. h5 cxd3 24. Ref2 fxe4 25. h6 Bxh6 26. gxh6 d5 27. b3 Kg8 28. Bh3 Rf6 29.
Ng4 Rff8 30. Kh2 Rbc8 31. Ne3 Nf5 32. Ngxf5 exf5 33. Rg2 Qxc3 34. Qxc3 Rxc3 35.
Nxf5 d2 36. Nd4 Rc1 37. Rxd2 Rxf1 38. Bxf1 Nc6 39. Rc2 Rxf4 40. Bxb5 Ne7 41.
Rc7 Nf5 42. Rc8+ Kf7 43. Nxf5 gxf5 44. Rxa8 Rh4+ 45. Kg2 Rg4+ 46. Kf2 f4 47.
Rxa7+ Kg6 48. Rg7+ 1-0

[Event "Offenes Qualifikationsturnier"]
[Site "Berlin"]
[Date "2012.04.11"]
[Round "6.5"]
[White "Hahlbohm, Matthias"]
[Black "Baranowsky, Peter"]
[Result "1-0"]
[WhiteElo "2075"]
[BlackElo "1954"]
[PlyCount "95"]
[EventDate "2012.??.??"]
[WhiteTeam "TSG Oberschöneweide"]
[BlackTeam "SF Berlin 1903"]

1. e4 c5 2. Nf3 e6 3. c3 d5 4. e5 Nc6 5. d4 Qb6 6. a3 cxd4 7. cxd4 Nge7 8. Bd3
Nf5 9. Bxf5 exf5 10. O-O Be7 11. Nc3 Be6 12. b4 O-O 13. Qd3 a6 14. Be3 Rfc8 15.
Nd2 Qd8 16. Nb3 b6 17. f4 Qc7 18. Rfc1 Qb7 19. Rcb1 Qc7 20. Bd2 Bf8 21. Qf3 Qd7
22. Qd3 Qc7 23. Rb2 g6 24. h3 Qd8 25. Kh2 h5 26. Rc2 Bxb4 27. Rb2 Be7 28. Na4
b5 29. Nac5 Qb6 30. a4 Nxd4 31. Ba5 Qc6 32. Nxd4 Qxc5 33. Bb4 Qc7 34. Rc2 Qd7
35. Bxe7 Qxe7 36. axb5 axb5 37. Rxa8 Rxa8 38. Qxb5 Qa7 39. Nxe6 fxe6 40. Qc6
Qa6 41. Qd7 Qf1 42. Qxe6+ Kh7 43. Qe7+ Kg8 44. Qg5 Qa6 45. Rc7 Rc8 46. Re7 Kf8
47. e6 Qd6 48. Qf6+ 1-0

[Event "Offenes Qualifikationsturnier"]
[Site "Berlin"]
[Date "2012.04.11"]
[Round "6.6"]
[White "Krefenstein, Sergej"]
[Black "Inngauer, Wolfram"]
[Result "1-0"]
[WhiteElo "2006"]
[BlackElo "1886"]
[PlyCount "81"]
[EventDate "2012.??.??"]
[WhiteTeam "TuS Makkabi Berlin"]
[BlackTeam "CFC Hertha 06"]

1. c4 Nf6 2. g3 g6 3. Bg2 Bg7 4. Nc3 c5 5. Nf3 Nc6 6. d4 cxd4 7. Nxd4 O-O 8.
O-O Ng4 9. e3 Nge5 10. b3 Nxd4 11. exd4 Nc6 12. Be3 d6 13. Rc1 Bf5 14. h3 Qc8
15. g4 Bd7 16. d5 Nd8 17. f4 h5 18. Bf3 hxg4 19. hxg4 b6 20. Kg2 f5 21. g5 Qa6
22. Bd4 Rf7 23. Rh1 Rc8 24. Kg3 b5 25. Nxb5 Bxb5 26. cxb5 Rxc1 27. bxa6 Rxd1
28. Rxd1 Bxd4 29. Rxd4 Kg7 30. b4 e5 31. dxe6 Nxe6 32. Rxd6 Nc7 33. a4 Re7 34.
b5 Kf7 35. Rf6+ Kg7 36. Rd6 Kf7 37. Bb7 Ne8 38. Bd5+ Kg7 39. Re6 Rxe6 40. Bxe6
Nc7 41. Bc4 1-0

[Event "Offenes Qualifikationsturnier"]
[Site "Berlin"]
[Date "2012.04.11"]
[Round "6.7"]
[White "Kuester, Manfred"]
[Black "Schmalzried, Volker"]
[Result "0-1"]
[WhiteElo "1957"]
[BlackElo "1842"]
[PlyCount "58"]
[EventDate "2012.??.??"]
[WhiteTeam "BSC Rehberge 1945"]
[BlackTeam "- ohne Verein -"]

1. d4 g6 2. e4 Bg7 3. Nf3 c5 4. dxc5 Qa5+ 5. c3 Qxc5 6. Be3 Qc7 7. Qb3 Nf6 8.
Ng5 O-O 9. f3 Nc6 10. Na3 a6 11. O-O-O b5 12. g4 b4 13. Nc4 bxc3 14. bxc3 Rb8
15. Qa3 Ne5 16. Qc5 Qb7 17. Qxe5 Nxg4 18. Qxb8 Qxb8 19. fxg4 Bxc3 20. Kc2 Bg7
21. Bd3 d5 22. exd5 Bxg4 23. Rdf1 Qb4 24. Ne4 Rc8 25. Bc5 Rxc5 26. Nxc5 Qc3+
27. Kb1 Qa1+ 28. Kc2 Qxa2+ 29. Kc1 Bh6+ 0-1

[Event "Offenes Qualifikationsturnier"]
[Site "Berlin"]
[Date "2012.04.11"]
[Round "6.8"]
[White "Hintze, Peter"]
[Black "Bader, Arnd"]
[Result "0-1"]
[WhiteElo "2067"]
[BlackElo "1930"]
[PlyCount "22"]
[EventDate "2012.??.??"]
[WhiteTeam "SC Zugzwang 95"]
[BlackTeam "SF Berlin 1903"]

1. e4 e6 2. Nf3 d5 3. e5 c5 4. b4 cxb4 5. a3 bxa3 6. c3 Nh6 7. d4 Bd7 8. Bd3
Qa5 9. Bxa3 Bxa3 10. Rxa3 Qb6 11. O-O Nc6 {
Rest unleserlich, P. Hintze gab zudem kein Partieformular ab.} 0-1

[Event "Offenes Qualifikationsturnier"]
[Site "Berlin"]
[Date "2012.04.11"]
[Round "6.9"]
[White "Yankulin, Vladislav"]
[Black "Schmidt, Juergen"]
[Result "1-0"]
[WhiteElo "1954"]
[BlackElo "2035"]
[PlyCount "87"]
[EventDate "2012.??.??"]
[WhiteTeam "- ohne Verein -"]
[BlackTeam "SC Kreuzberg"]

1. e4 e5 2. Nf3 Nc6 3. Bb5 a6 4. Ba4 Nf6 5. O-O b5 6. Bb3 Be7 7. d4 exd4 8. e5
Ne4 9. Bd5 Nc5 10. Nxd4 Bb7 11. Nf5 Bf8 12. Re1 Ne6 13. Qf3 g6 14. Ne3 Bg7 15.
Nc3 Nxe5 16. Qg3 Bxd5 17. Nexd5 d6 18. f4 Nd7 19. f5 Bd4+ 20. Kh1 gxf5 21. Bg5
Qb8 22. Rxe6+ fxe6 23. Qh4 h5 24. Qxd4 Rg8 25. Nf6+ Nxf6 26. Qxf6 Kd7 27. h4
Qf8 28. Qd4 Qg7 29. Qd3 Qe5 30. Rf1 Qc5 31. Ne2 Qc6 32. Nd4 Qd5 33. Qe3 Rae8
34. b3 c5 35. Ne2 Qe5 36. Qf3 d5 37. c4 d4 38. Qb7+ Qc7 39. Qxa6 bxc4 40. Qxc4
Ra8 41. Nf4 Qc6 42. b4 Ra4 43. Nd3 Ra3 44. Ne5+ 1-0

[Event "Offenes Qualifikationsturnier"]
[Site "Berlin"]
[Date "2012.04.11"]
[Round "6.10"]
[White "Konrad, Erhard"]
[Black "Sharenkov, Ilya"]
[Result "0-1"]
[WhiteElo "2012"]
[BlackElo "1839"]
[PlyCount "94"]
[EventDate "2012.??.??"]
[WhiteTeam "SG Lasker Steglitz-Wilmersdorf"]
[BlackTeam "SG Grün-Weiß Baumschulenweg"]

1. Nf3 c5 2. g3 d5 3. Bg2 Nc6 4. O-O e5 5. d3 Nf6 6. Nbd2 Be7 7. e4 Bg4 8. h3
Bc8 9. c3 O-O 10. Qe2 d4 11. Nc4 Qc7 12. a4 Be6 13. Na3 Qd7 14. Kh2 dxc3 15.
bxc3 Rad8 16. Ne1 Na5 17. Bb2 Nb3 18. Rd1 Qxa4 19. f4 exf4 20. gxf4 c4 21. Nxc4
Bxc4 22. dxc4 Rxd1 23. Qxd1 Qxc4 24. Qd3 Qxd3 25. Nxd3 {(=)} Nd2 26. Re1 Nc4
27. Bc1 Rd8 28. Nf2 Bc5 29. Ng4 Nxg4+ 30. hxg4 b5 31. e5 Rd3 32. Bc6 a6 33. Bb7
Rxc3 34. Bxa6 Rc2+ 35. Kh3 b4 36. f5 b3 37. e6 Kf8 38. g5 fxe6 39. g6 hxg6 40.
fxe6 b2 41. Bg5 Be7 42. Rf1+ Bf6 43. Bf4 Ke7 44. Re1 g5 45. Bxc4 Rxc4 46. Bd2
Rc2 47. Bb4+ Ke8 0-1

[Event "Offenes Qualifikationsturnier"]
[Site "Berlin"]
[Date "2012.04.11"]
[Round "6.11"]
[White "Skogvall, Martina"]
[Black "Batzaya, Ayush"]
[Result "1-0"]
[WhiteElo "2063"]
[BlackElo "1936"]
[PlyCount "71"]
[EventDate "2012.??.??"]
[WhiteTeam "SF Berlin 1903"]
[BlackTeam "SV Berolina Mitte"]

1. e4 Nc6 2. Nc3 e5 3. Nf3 Nf6 4. d4 exd4 5. Nxd4 d6 6. Bg5 Be7 7. Nxc6 bxc6 8.
Bd3 Rb8 9. b3 h6 10. Be3 c5 11. O-O O-O 12. Qe2 Ng4 13. Bd2 Bf6 14. h3 Ne5 15.
Rad1 c6 16. f4 Nxd3 17. Qxd3 Qc7 18. Ne2 a5 19. Qg3 Kh8 20. f5 Be5 21. Qh4 f6
22. Nf4 Bd4+ 23. Kh1 Re8 24. Rf3 d5 25. exd5 Bxf5 26. d6 Qd7 27. c3 Be5 28. Nd3
Kh7 29. Bxh6 gxh6 30. Nxc5 Qa7 31. d7 Rg8 32. Qc4 Bg6 33. Ne6 Qb6 34. g4 Bc7
35. Rxf6 Qe3 36. Nxc7 {ZUe Schwarz} 1-0

[Event "Offenes Qualifikationsturnier"]
[Site "Berlin"]
[Date "2012.04.11"]
[Round "6.12"]
[White "Muenstermann, Claudia"]
[Black "Sicora, Carsten"]
[Result "1/2-1/2"]
[WhiteElo "1792"]
[BlackElo "1943"]
[PlyCount "49"]
[EventDate "2012.??.??"]
[WhiteTeam "SC Weisse Dame"]
[BlackTeam "- ohne Verein -"]

1. e4 d6 2. d4 Nf6 3. Nc3 g6 4. f4 Bg7 5. Nf3 c6 6. Bd3 O-O 7. O-O b5 8. Bd2 b4
9. Ne2 Qb6 10. Kh1 Ba6 11. c4 c5 12. d5 Nbd7 13. Ng3 e6 14. Qc2 Ne8 15. f5 e5
16. h4 h5 17. Ng5 Nc7 18. Rf2 Nf6 19. Be2 Rae8 20. Raf1 Re7 21. b3 Bc8 22. Qd1
Nce8 23. Nh3 Rb7 24. Qc1 Kh7 25. Ng5+ 1/2-1/2

[Event "Offenes Qualifikationsturnier"]
[Site "Berlin"]
[Date "2012.04.11"]
[Round "6.13"]
[White "Mahler, Sonja"]
[Black "Baumeister, Wolfgang"]
[Result "1-0"]
[WhiteElo "1635"]
[BlackElo "1821"]
[PlyCount "47"]
[EventDate "2012.??.??"]
[WhiteTeam "SC Kreuzberg"]
[BlackTeam "SC Kreuzberg"]

1. d4 f5 2. Bf4 Nf6 3. e3 e6 4. Nf3 b6 5. a3 Bb7 6. c4 c5 7. Nc3 d5 8. Nb5 Na6
9. Qa4 Qd7 10. Ne5 O-O-O 11. Nxd7 Rxd7 12. Be5 Ng4 13. Nxa7+ Kd8 14. cxd5 Bxd5
15. Qxa6 Rb7 16. Bb5 Nxe5 17. dxe5 Bxg2 18. Rd1+ Ke7 19. Nc8+ Kf7 20. Rg1 Be4
21. Rd8 c4 22. Be8+ Kg8 23. Qxc4 Bd5 24. Rxd5 1-0

[Event "Offenes Qualifikationsturnier"]
[Site "Berlin"]
[Date "2012.04.11"]
[Round "6.14"]
[White "Kostre, Margarita"]
[Black "Fecke, Simon"]
[Result "0-1"]
[WhiteElo "1789"]
[BlackElo "1138"]
[PlyCount "64"]
[EventDate "2012.??.??"]
[WhiteTeam "Schachpinguine Berlin"]
[BlackTeam "CFC Hertha 06"]

1. e4 c5 2. Nf3 g6 3. c4 d6 4. d4 cxd4 5. Nxd4 Nf6 6. Nc3 Nc6 7. Be2 Bg7 8. Be3
O-O 9. O-O Nd7 10. Nb3 Na5 11. Qc2 Ne5 12. Nxa5 Qxa5 13. Nd5 Nc6 14. a3 Qd8 15.
Rad1 Be6 16. Nf4 Qc8 17. Nxe6 Qxe6 18. f4 f5 19. Bf3 Qf6 20. Rd2 e5 21. Rfd1
Rad8 22. exf5 Bh6 23. fxg6 hxg6 24. Bxc6 bxc6 25. Bxa7 Bxf4 26. Rd3 Qf5 27. Qa4
Ra8 28. Rf3 Rxa7 29. Qxa7 c5 30. Qa4 e4 31. Rc3 Be3+ 32. Rxe3 Qf2+ 0-1

[Event "Offenes Qualifikationsturnier"]
[Site "Berlin"]
[Date "2012.04.11"]
[Round "6.15"]
[White "Stark, Steven"]
[Black "Gebigke, Lena"]
[Result "1-0"]
[WhiteElo "1580"]
[BlackElo "1444"]
[PlyCount "167"]
[EventDate "2012.??.??"]
[WhiteTeam "VfB Hermsdorf"]
[BlackTeam "SV Berolina Mitte"]

1. e4 c5 2. Nf3 Nc6 3. Be2 g6 4. Nc3 Bg7 5. O-O Nf6 6. d3 O-O 7. Nd2 d6 8. Nf3
Bd7 9. d4 cxd4 10. Nxd4 Nxd4 11. Qxd4 Bc6 12. Bf3 Ng4 13. Qd3 Ne5 14. Qe2 Rc8
15. Rd1 Nxf3+ 16. Qxf3 Bxc3 17. bxc3 Qa5 18. Bd2 Qa4 19. Rdc1 Qxe4 20. Qxe4
Bxe4 21. f3 Bf5 22. g4 Bd7 23. a4 Rc4 24. a5 Rfc8 25. Rcb1 Bc6 26. Kf2 d5 27.
Ra3 a6 28. Re1 e6 29. h3 Bb5 30. Rb1 d4 31. Rbb3 e5 32. Kg3 R4c7 33. f4 e4 34.
cxd4 Rxc2 35. Be3 f5 36. h4 Kf7 37. Bf2 Ke6 38. Be1 Kd5 39. Rc3 Kxd4 40. Rxc8
Rxc8 41. Ra1 e3 42. Ra3 e2 43. Bf2+ Kc4 44. Re3 Kb4 45. Be1+ Ka4 46. gxf5 gxf5
47. Re5 Bd3 48. Re7 Rc1 49. Kf2 Rc4 50. Kg3 Rc1 51. Kf2 Be4 52. h5 h6 53. Re6
Rc8 54. Rxh6 Rg8 55. Kxe2 Kb3 56. Rb6+ Kc2 57. h6 Rh8 58. Bh4 Rh7 59. Rd6 Kc3
60. Be1+ Kc4 61. Ke3 Kc5 62. Rb6 Bc6 63. Bb4+ Kd5 64. Bf8 Ke6 65. Kd4 Kf7 66.
Bg7 Ke6 67. Rb1 Kd6 68. Rg1 Be4 69. Rg6+ Ke7 70. Kc5 Kd7 71. Kb6 Ke7 72. Rf6
Ke8 73. Kc7 Ke7 74. Kb6 Kd7 75. Kc5 Ke7 76. Kd4 Ke8 77. Ke3 Ke7 78. Kf2 Ke8 79.
Kg3 b5 80. Rxa6 Kf7 81. Rb6 Ke7 82. Kh4 Kd7 83. Kg5 Kc7 84. Kg6 1-0

[Event "Offenes Qualifikationsturnier"]
[Site "Berlin"]
[Date "2012.04.11"]
[Round "6.16"]
[White "Gnass, Erhard"]
[Black "Agapova, Svetlana"]
[Result "1-0"]
[WhiteElo "1543"]
[BlackElo "1155"]
[PlyCount "125"]
[EventDate "2012.??.??"]
[WhiteTeam "SK Zehlendorf"]
[BlackTeam "Betriebsschach SK Präsident"]

1. Nf3 d6 2. d4 Nf6 3. g3 Bg4 4. Bg2 Nbd7 5. O-O e6 6. Bg5 Be7 7. Nbd2 O-O 8.
c3 Rb8 9. h3 Bh5 10. e4 Ne8 11. Bxe7 Qxe7 12. Qc2 h6 13. Nh2 Bg6 14. Qb3 Kh8
15. f4 f5 16. Rae1 Qf7 17. e5 Nb6 18. exd6 Nxd6 19. Qxe6 Qxe6 20. Rxe6 Bf7 21.
Re7 c6 22. b3 Nd5 23. Bxd5 cxd5 24. Nhf3 Ne4 25. Nxe4 fxe4 26. Ne5 Be8 27. Re1
a6 28. c4 dxc4 29. bxc4 b5 30. c5 Rd8 31. Rxe4 a5 32. Kf2 Kg8 33. Ke3 a4 34.
Rb7 Rc8 35. Rb6 Rf6 36. Rxf6 gxf6 37. Nd3 Rd8 38. a3 Kf7 39. f5 Bc6 40. Rh4 Kg7
41. Nf4 Kh7 42. Nd3 Re8+ 43. Kd2 Bd5 44. Rf4 h5 45. h4 Rg8 46. Nb4 Ba8 47. c6
Rxg3 48. d5 Rg8 49. Kc3 Re8 50. d6 Bxc6 51. Nxc6 Rc8 52. Kb4 Rxc6 53. Kxb5 Rxd6
54. Kxa4 Ra6+ 55. Kb4 Kg7 56. a4 Kf7 57. Kb5 Rd6 58. a5 Ke7 59. a6 Kd7 60. a7
Rd5+ 61. Kb6 Rd6+ 62. Kb7 Rd5 63. Rb4 1-0

[Event "Offenes Qualifikationsturnier"]
[Site "Berlin"]
[Date "2012.04.11"]
[Round "6.17"]
[White "Stoeckel, Johannes"]
[Black "Sebastian, Martin"]
[Result "1-0"]
[WhiteElo "1899"]
[BlackElo "2011"]
[PlyCount "96"]
[EventDate "2012.??.??"]
[WhiteTeam "SC Weisse Dame"]
[BlackTeam "TSG Rot-Weiß Fredersdorf/V."]

1. Nf3 c5 2. c4 Nc6 3. g3 g6 4. Bg2 Bg7 5. O-O Nf6 6. d4 cxd4 7. Nxd4 O-O 8.
Nc3 Qb6 9. Nxc6 dxc6 10. Qc2 Qc5 11. Na4 Qh5 12. h4 Bg4 13. Nc3 Qc5 14. Na4 Qe5
15. Be3 Bf5 16. Qc3 Qc7 17. Bf4 Qc8 18. Be5 b6 19. b3 Qe6 20. Nb2 Ne4 21. Bxe4
Bxe5 22. Bxf5 Qxf5 23. Qc1 Rad8 24. Rb1 Qh3 25. Qe3 Bf6 26. Nd3 Qf5 27. Rbd1
Qa5 28. a4 Qc3 29. Rb1 Rd7 30. Qf3 c5 31. Kg2 Rfd8 32. Rfc1 {(=)} Qd2 33. Rd1
Qh6 34. Rh1 Qg7 35. Rbe1 Bc3 36. Rc1 Bd4 37. Rcf1 e5 38. h5 f5 39. hxg6 hxg6
40. e4 Rf7 41. Rh2 fxe4 42. Qxe4 Qf6 43. Rfh1 Kf8 44. Rh8+ Ke7 45. Rxd8 Kxd8
46. Qa8+ Ke7 47. Qxa7+ Kf8 48. Qa8+ Kg7 1-0

[Event "Offenes Qualifikationsturnier"]
[Site "Berlin"]
[Date "2012.04.11"]
[Round "6.18"]
[White "Koenig, Frank"]
[Black "Muench, Robert"]
[Result "0-1"]
[WhiteElo "1966"]
[BlackElo "1890"]
[PlyCount "72"]
[EventDate "2012.??.??"]
[WhiteTeam "BSG 1827 Eckbauer"]
[BlackTeam "Treptower SV 1949"]

1. Nf3 c5 2. g3 Nc6 3. Bg2 d5 4. d4 Bg4 5. c3 e6 6. O-O Qb6 7. Ne5 Bh5 8. Nxc6
bxc6 9. dxc5 Bxc5 10. b4 Be7 11. Nd2 a5 12. bxa5 Qxa5 13. c4 Bf6 14. Nb3 Qa6
15. Nd4 Qxc4 16. Be3 Ne7 17. Rc1 Qxa2 18. Re1 Bxd4 19. Qxd4 O-O 20. g4 Bg6 21.
Qe5 Qa4 22. Bd4 f6 23. Qxe6+ Bf7 24. Qe3 Rae8 25. Qc3 Be6 26. h3 Rf7 27. e3 Qa8
28. e4 dxe4 29. Bxe4 Bd5 30. Bc2 Ng6 31. Bxg6 {(=)} hxg6 32. Bc5 Rb7 33. Rxe8+
Qxe8 34. Re1 Qf7 35. Qg3 Rb3 36. Qh4 g5 0-1

[Event "Offenes Qualifikationsturnier"]
[Site "Berlin"]
[Date "2012.04.11"]
[Round "6.19"]
[White "Hohn, August"]
[Black "Kersten, Martin"]
[Result "1/2-1/2"]
[WhiteElo "2046"]
[BlackElo "1798"]
[PlyCount "33"]
[EventDate "2012.??.??"]
[WhiteTeam "SC Zugzwang 95"]
[BlackTeam "BSG 1827 Eckbauer"]

1. c4 e5 2. Nc3 Nf6 3. Nf3 Nc6 4. g3 Bc5 5. Nxe5 Bxf2+ 6. Kxf2 Nxe5 7. e4 c5 8.
h3 O-O 9. d3 h6 10. Bg2 d6 11. Rf1 Be6 12. Kg1 a6 13. Be3 Rb8 14. Qd2 Nh7 15.
Kh2 b5 16. b3 Qd7 17. Ne2 1/2-1/2

[Event "Offenes Qualifikationsturnier"]
[Site "Berlin"]
[Date "2012.04.11"]
[Round "6.20"]
[White "Vidic, Dobrivoje"]
[Black "Viehweger, Martin"]
[Result "0-1"]
[WhiteElo "1812"]
[BlackElo "2042"]
[PlyCount "107"]
[EventDate "2012.??.??"]
[WhiteTeam "SK Dragojle Babic"]
[BlackTeam "SSV Rotation Berlin"]

1. d4 e6 2. c4 b6 3. Nc3 Bb7 4. e4 Bb4 5. Qc2 f5 6. Bd3 Nf6 7. f3 fxe4 8. fxe4
Bxc3+ 9. bxc3 Nxe4 10. Nf3 Nf6 11. O-O O-O 12. Bg5 h6 13. Bh4 d6 14. h3 Nc6 15.
Rae1 Qd7 16. d5 Ne5 17. Nxe5 dxe5 18. Rxe5 exd5 19. Rfe1 Rae8 20. Bf5 Qd8 21.
Be6+ Kh8 22. cxd5 Qd6 23. Qg6 Nxd5 24. Bf5 Qxg6 25. Bxg6 Rxe5 26. Rxe5 Nf4 27.
Be4 Ne2+ 28. Kh2 Bxe4 29. Rxe4 Nxc3 30. Rc4 Nd5 31. Rc6 Kg8 32. Bg3 Rf7 33. Re6
Rd7 34. Rc6 Kf8 35. Kg1 Rf7 36. Bh4 Ke8 37. Be1 Kd7 38. Rg6 c5 39. Bg3 Nf6 40.
Be5 Ke6 41. Bb2 Kd5 42. Bxf6 Rxf6 43. Rxg7 c4 44. Rxa7 c3 45. Rc7 Rc6 46. Rd7+
Kc4 47. Rd1 c2 48. Rc1 Kd3 49. Kf2 Kd2 50. Rg1 c1=Q 51. Rxc1 Rxc1 52. g4 Ra1
53. Kf3 Rxa2 54. h4 0-1

[Event "Offenes Qualifikationsturnier"]
[Site "Berlin"]
[Date "2012.04.12"]
[Round "7.1"]
[White "Schnabel, Ralf"]
[Black "Welz, Peter"]
[Result "1-0"]
[WhiteElo "2215"]
[BlackElo "2147"]
[PlyCount "89"]
[EventDate "2012.??.??"]
[WhiteTeam "ESV Nickelhütte Aue"]
[BlackTeam "SV Empor Berlin"]

1. e4 e6 2. d4 d5 3. Nd2 c5 4. exd5 Qxd5 5. Ngf3 Nf6 6. Bc4 Qd8 7. O-O Nc6 8.
Nb3 Nxd4 9. Nbxd4 cxd4 10. Qxd4 Qxd4 11. Nxd4 a6 12. Be2 Bc5 13. Nb3 Bb6 14.
Bf3 O-O 15. Bf4 h6 16. c4 Ne8 17. c5 Bc7 18. Bxc7 Nxc7 19. Na5 Rb8 20. Rfd1 e5
21. Rd6 f5 22. Rb6 e4 23. Be2 Na8 24. Rb4 b5 25. a4 Nc7 26. axb5 axb5 27. Nc6
Rb7 28. g4 g6 29. Ra5 Kg7 30. gxf5 gxf5 31. Kf1 Kf6 32. Rd4 Ne6 33. Rd6 Kg5 34.
b4 Nf4 35. Ra3 Nxe2 36. Kxe2 f4 37. Nd4 Bg4+ 38. f3 exf3+ 39. Nxf3+ Kh5 40. Kf2
Re7 41. Rd5+ Rf5 42. Rad3 Re4 43. Rxf5+ Bxf5 44. Rd4 Kg6 45. Nh4+ 1-0

[Event "Offenes Qualifikationsturnier"]
[Site "Berlin"]
[Date "2012.04.12"]
[Round "7.2"]
[White "Hoffmann, Peter"]
[Black "Penner, Markus"]
[Result "1-0"]
[WhiteElo "2040"]
[BlackElo "1964"]
[PlyCount "66"]
[EventDate "2012.??.??"]
[WhiteTeam "BSG 1827 Eckbauer"]
[BlackTeam "SK Zehlendorf"]

1. g3 Nf6 2. Bg2 g6 3. Nf3 Bg7 4. d4 O-O 5. c4 d6 6. Nc3 Nbd7 7. O-O e5 8. Qc2
exd4 9. Nxd4 a6 10. Bf4 Nh5 11. Rad1 Nxf4 12. gxf4 Rb8 13. Kh1 Qh4 14. Nd5 c6
15. Nf3 Qg4 16. Ne7+ Kh8 17. Nxc8 Rbxc8 18. Rxd6 Nf6 19. e3 Rcd8 20. Ne5 Qc8
21. Rfd1 Rxd6 22. Rxd6 Qc7 23. Qd2 Qb6 24. b4 Qc7 25. a4 c5 26. bxc5 Qxc5 27.
Rd8 Qc7 28. Rxf8+ Bxf8 29. Qb2 Qa5 30. Bxb7 Bg7 31. Bf3 Nd7 32. Qb7 Bxe5 33.
Qxd7 Bg7 1-0

[Event "Offenes Qualifikationsturnier"]
[Site "Berlin"]
[Date "2012.04.12"]
[Round "7.3"]
[White "Haseloff, Harald"]
[Black "Stoeckel, Johannes"]
[Result "1-0"]
[WhiteElo "2145"]
[BlackElo "1899"]
[PlyCount "153"]
[EventDate "2012.??.??"]
[WhiteTeam "SG Lasker Steglitz-Wilmersdorf"]
[BlackTeam "SC Weisse Dame"]

1. e4 d5 2. exd5 Nf6 3. d4 Nxd5 4. Nf3 Bf5 5. c4 Nb4 6. Na3 e6 7. Be2 Be7 8.
O-O O-O 9. Be3 c6 10. Qd2 a5 11. c5 Nd7 12. Nc4 Nc2 13. Rac1 Nxe3 14. fxe3 Be4
15. Bd3 Bxd3 16. Qxd3 Nxc5 {(=)} 17. Qc2 Nd7 18. a4 Nb6 19. Nce5 Nd5 20. Kf2
Rc8 21. g3 c5 22. Qb3 cxd4 23. Nxd4 Bd6 24. Nc4 Bb4 25. Ke2 Qg5 26. Rf3 Qh5 27.
Rh1 e5 28. Nxe5 Qxe5 29. Rf5 Qxe3+ 30. Qxe3 Nxe3 31. Kxe3 Rfe8+ 32. Kf3 Rcd8
33. Nc2 Rd3+ 34. Kg4 Bd2 35. Rb5 Re7 36. Ra1 g6 37. Ra3 h5+ 38. Kh3 Rxa3 39.
Nxa3 Rc7 40. b3 Bb4 41. Nc4 Rc5 42. Rxb7 Rd5 {(=)} 43. Rb5 Rd3 44. Rb7 g5 45.
Ne5 Rxb3 46. Nxf7 g4+ 47. Kh4 Ra3 48. Kxh5 Rxa4 49. Nh6+ Kf8 50. Nxg4 Bc3 51.
Rc7 Bg7 52. Nh6 Be5 53. Rf7+ Ke8 54. Rf2 Re4 55. Ra2 Bc3 56. Nf5 Bb4 57. Rxa5
Bxa5 58. Nd6+ Ke7 59. Nxe4 Kf7 60. g4 Kg7 61. Kg5 Bd8+ 62. Kf5 Bc7 63. h4 Bd8
64. g5 Be7 65. h5 Kh7 66. Nf6+ Kh8 67. Ke6 Ba3 68. Kf7 Bc1 69. g6 Bh6 70. Ne8
Bf8 71. g7+ Bxg7 72. Nxg7 Kh7 73. Nf5 Kh8 74. Kg6 Kg8 75. h6 Kh8 76. Nd6 Kg8
77. h7+ 1-0

[Event "Offenes Qualifikationsturnier"]
[Site "Berlin"]
[Date "2012.04.12"]
[Round "7.4"]
[White "Hahlbohm, Matthias"]
[Black "Jaeger, Andre"]
[Result "0-1"]
[WhiteElo "2075"]
[BlackElo "2001"]
[PlyCount "98"]
[EventDate "2012.??.??"]
[WhiteTeam "TSG Oberschöneweide"]
[BlackTeam "SC Rochade"]

1. e4 c5 2. Nf3 Nc6 3. d4 cxd4 4. Nxd4 Nf6 5. Nc3 e5 6. Ndb5 d6 7. a4 a6 8. Na3
Be6 9. Bc4 Be7 10. O-O O-O 11. Bg5 Rc8 12. Bxf6 Bxf6 13. Nd5 Bg5 14. c3 Kh8 15.
Qe2 Ne7 16. Rfd1 Rc5 17. b4 Rc8 18. Qc2 Bxd5 19. Bxd5 Qc7 20. c4 f5 21. Be6
Rcd8 22. exf5 Rf6 23. c5 d5 24. b5 e4 25. Rab1 e3 26. Kh1 Rh6 27. g3 exf2 28.
Qxf2 Rf8 29. Nc2 Rxe6 30. Nd4 Re4 31. c6 Be3 32. Qb2 Bxd4 33. Rxd4 Qe5 34. Rxe4
Qxe4+ 35. Kg1 bxc6 36. b6 Nxf5 37. b7 Rb8 38. Rf1 Qd4+ 39. Qxd4 Nxd4 40. Rf7 h6
41. Rc7 Kh7 42. Kf2 Nb3 43. Rxc6 Rxb7 44. Rxa6 Rd7 45. Rb6 Nc5 46. a5 d4 47.
Ke1 d3 48. Kd1 d2 49. Rb4 Nd3 0-1

[Event "Offenes Qualifikationsturnier"]
[Site "Berlin"]
[Date "2012.04.12"]
[Round "7.5"]
[White "Schmalzried, Volker"]
[Black "Krefenstein, Sergej"]
[Result "0-1"]
[WhiteElo "1842"]
[BlackElo "2006"]
[PlyCount "38"]
[EventDate "2012.??.??"]
[WhiteTeam "- ohne Verein -"]
[BlackTeam "TuS Makkabi Berlin"]

1. c4 Nf6 2. Nc3 e6 3. g3 d5 4. cxd5 exd5 5. Bg2 c6 6. Nf3 Be7 7. O-O O-O 8. d4
Nbd7 9. a3 Nb6 10. b4 a6 11. Re1 Re8 12. Ne5 Bf5 13. e4 Nxe4 14. Nxe4 Bxe4 15.
Bxe4 dxe4 16. Rxe4 Qd5 17. Rf4 Bg5 18. Qh5 Bxf4 19. Bxf4 f6 0-1

[Event "Offenes Qualifikationsturnier"]
[Site "Berlin"]
[Date "2012.04.12"]
[Round "7.6"]
[White "Bader, Arnd"]
[Black "Yankulin, Vladislav"]
[Result "1-0"]
[WhiteElo "1930"]
[BlackElo "1954"]
[PlyCount "69"]
[EventDate "2012.??.??"]
[WhiteTeam "SF Berlin 1903"]
[BlackTeam "- ohne Verein -"]

1. d4 Nf6 2. c4 e5 3. dxe5 Ng4 4. e3 Nxe5 5. Nh3 Nbc6 6. Nf4 d6 7. Nc3 g6 8.
Be2 Bg7 9. O-O O-O 10. Nfd5 Ne7 11. f4 Nxd5 12. cxd5 Nd7 13. Qc2 Nc5 14. e4 f5
15. e5 dxe5 16. b4 Na6 17. Ba3 b5 18. Bxb5 exf4 19. Bc6 Bd4+ 20. Kh1 Rb8 21. b5
Bc5 22. Qb3 Qd6 23. Bb2 Bd4 24. Rad1 Be5 25. Rde1 Nc5 26. Qc4 Ne4 27. Rxe4 f3
28. Re3 fxg2+ 29. Kxg2 Bxh2 30. Ne4 fxe4 31. Rxf8+ Kxf8 32. Ba3 Bf5 33. Bxd6+
Bxd6 34. Qd4 Kf7 35. Qxa7 1-0